قافلة الحاج الشامي في شرقي الأردن في العهد العثماني 1516 - 1918 م / (رقم التسجيلة. 90541)
[ عرض عادي ]
| 000 -LEADER | |
|---|---|
| fixed length control field | 00568nam a22001697a 4500 |
| 005 - DATE AND TIME OF LATEST TRANSACTION | |
| control field | 20251108172853.0 |
| 008 - FIXED-LENGTH DATA ELEMENTS--GENERAL INFORMATION | |
| fixed length control field | 250721s2000 xx 000 0 ara d |
| 082 14 - DEWEY DECIMAL CLASSIFICATION NUMBER | |
| Classification number | 956.5/يون |
| 100 1# - MAIN ENTRY--PERSONAL NAME | |
| Personal name | بني يونس، مأمون عبد الله أصلان |
| 245 10 - TITLE STATEMENT | |
| Title | قافلة الحاج الشامي في شرقي الأردن في العهد العثماني 1516 - 1918 م / |
| 264 1# - PRODUCTION, PUBLICATION, DISTRIBUTION, MANUFACTURE, AND COPYRIGHT NOTICE | |
| Place of production, publication, distribution, manufacture | عمان : |
| Name of producer, publisher, distributor, manufacturer | د . ن، |
| Date of production, publication, distribution, manufacture, or copyright notice | 2000. |
| 300 ## - PHYSICAL DESCRIPTION | |
| Extent | 209 ص. |
| 650 17 - SUBJECT ADDED ENTRY--TOPICAL TERM | |
| Topical term or geographic name as entry element | تاريخ الأردن |
| 650 17 - SUBJECT ADDED ENTRY--TOPICAL TERM | |
| Topical term or geographic name as entry element | العصر العثماني |
| 942 ## - ADDED ENTRY ELEMENTS (KOHA) | |
| Source of classification or shelving scheme | Dewey Decimal Classification |
| Koha item type | كتب |
| حالة السحب | حالة الفقدان | مصدر التصنيف | حالة التلف | غير قابل للإعارة | المكتبة الرئيسية | المكتبة الحالية | موقع الرف | تاريخ التزويد | الرقم المتسلسل | Total Checkouts | رقم الإستدعاء | الباركود | تاريخ آخر ظهور | تاريخ الفاتورة | نوع المادة (كوها) |
|---|---|---|---|---|---|---|---|---|---|---|---|---|---|---|---|
| Dewey Decimal Classification | مكتبة أم قصير والمقابلين العامة | مكتبة أم قصير والمقابلين العامة | الإعارة | 15/09/2014 | 411660 | 956.5/يون | PLD00344299 | 28/07/2025 | 15/09/2014 | كتب | |||||
| Dewey Decimal Classification | مكتبة الحسن العامة | مكتبة الحسن العامة | الإعارة | 14/07/2018 | 411657 | 956.5/يون | PLD00423189 | 28/07/2025 | 14/07/2018 | كتب | |||||
| Dewey Decimal Classification | Not For Loan | مكتبة تاريخ الأردن | مكتبة تاريخ الأردن | لا يعار | 05/11/2009 | 1329106 | 956.5/يون | PLD00117396 | 28/07/2025 | 05/11/2009 | كتب | ||||
| Dewey Decimal Classification | مكتبة حمزة العامة | مكتبة حمزة العامة | الإعارة | 21/11/2015 | 411658 | 956.5/يون | PLD00365899 | 28/07/2025 | 21/11/2015 | كتب |